000 00470nam a2200181Ia 4500
001 3559
005 20260306145652.0
008 260306t1997||||xx |||||||||||||| ||spa||
041 _aESP
082 _a289.5
_bC78
100 _aCortázar Velarde, Juan Carlos
_eAUT
245 0 _aSecularización, cambio y continuidad:
_ben el catolicismo peruano
260 _c1997
300 _a125 páginas :
_c21 cm.
650 _aGEN
654 _aCHU
942 _cLIB
_dJUS
_fJUS
_2ddc
_n
999 _c3559
_d3559